000 004710000a22001810004500
041 0 _aENG
082 0 4 _aG 234.8 P341s
100 1 _aPaxson, Ruth
245 1 0 _aRivers of living water : How obtained - how maintained / Ruth Paxson
260 _aChicago, USA : Moody
300 _a124 Pag
650 1 4 _aVIDA CRISTIANA
001 4310
942 _cBK
999 _c34919
_d34919
336 _atexto
_btxt
_2rdacontent
337 _2rdamedia
_asin mediación
_bn
338 _2rdacarrier
_avolumen
_bnc